ბათუმის შოთა რუსთაველის სახელმწიფო უნივერსიტეტის ბიბლიოთეკა

მართლმსაჯულება საქართველოში = Administration of justice in Georgia, 2006-2007 / (ბიბ.ჩანაწერი № 59481)

000 -ლიდერი
ფიქსირებული სიგრძის საკონტროლო ველი 01410nam a22002057a 4500
003 - საკონტროლო ნომრის იდენტიფიკატორი
საკონტროლო ველი Ge_BSU
005 - ბოლო ოპერაციის თარიღი და დრო
საკონტროლო ველი 20230228102813.0
008 - ფიქსირებული სიგრძის მონაცემთა ელემენტები - ზოგადი ინფორმაცია
ფიქსირებული სიგრძის საკონტროლო ველი 230228s2007 ge ||||| |||| 00| 0 geo d
041 ## - ენის კოდი
Language code of text/sound track or separate title geo
080 ## - უნივერსალური ათობითი კლასიფიკაციის ინდექსი
Universal Decimal Classification number 340.1(479.22) მ-30
245 ## - ცნობა სათაურის შესახებ
Title მართლმსაჯულება საქართველოში = Administration of justice in Georgia, 2006-2007 /
Statement of responsibility, etc არასამთავრობო ორგანიზაცია "ყოფილი პოლიტპატიმრები ადამიანის უფლებებისათვის" ; შემდგ.: ნანა კაკაბაძე, გელა ნიკოლაიშვილი ; ყდის დიზაინერი ილია ნახუცრიშვილი.
264 ## - წარმოების, გამოცემის, დისტრიბუციის და სხვა ცნობები
გამოცემის, წარმოების, დისტრიბუციის... ადგილი თბილისი,
გამოცემის, წარმოების, დისტრიბუციის... თარიღი 2007.
300 ## - ფიზიკური აღწერა
Extent 112 გვ. ;
Other physical details 20 სმ.
500 ## - ზოგადი შენიშვნა
General note ყდა, თავფურ., ტექსტი ქართ. და ინგლ. ენ.
653 ## - INDEX TERM--UNCONTROLLED
Uncontrolled term მართლმსაჯულება საქართველოში
700 ## - ADDED ENTRY--PERSONAL NAME
Personal name კაკაბაძე, ნანა
Relator term შემდგენელი
9 (RLIN) 17065
700 ## - ADDED ENTRY--PERSONAL NAME
Personal name ნიკოლაიშვილი, გელა
Relator term შემდგენელი
9 (RLIN) 17066
700 ## - ADDED ENTRY--PERSONAL NAME
Personal name ნახუცრიშვილი, ილია
Relator term ყდის დიზაინერი
9 (RLIN) 17067
942 ## - ADDED ENTRY ELEMENTS (KOHA)
Source of classification or shelving scheme
Koha item type წიგნი
ეგზემპლარები
ჩამოწერის სტატუსი დაკარგული ეგზემპლარის სტატუსი კლასიფიკაციის წყარო ან თაროზე გაწყობის სქემა დაზიანების სტატუსი არ გაიცემა მუდმივი მდებარეობა (დაცვის ადგილი) ამჟამინდელი ადგილსამყოფელი თაროზე განთავსების ადგილი შეძენის თარიღი ღირებულება, შესყიდვის ნორმალური ფასი სრული შენახვის შიფრი შტრიხკოდი ბოლო ოპერაციის თარიღი ეგზემპლარის მიმდევრობითი ნომერი (კეტერი?) ფასის ძალაში შესვლის თარიღი ეგზემპლარის სახეობა საჯარო შენიშვნა
          ბათუმის შოთა რუსთაველის სახელმწიფო უნივერსიტეტის მთავარი ბიბლიოთეკა ბათუმის შოთა რუსთაველის სახელმწიფო უნივერსიტეტის მთავარი ბიბლიოთეკა წიგნსაცავი 2023-02-28 4.00 340.1(479.22) მ-30 63929 2023-02-28 63929 2023-02-28 წიგნი 4 ლ.